000 00688ngm a22002890a 4500
001 UByD001364
003 AR-LpoUNG
005 20230415122016.0
008 230414s2019||||ag |||||||||||||||||spa d
020 _a9789877084177
040 _aAR-LpoUNG
_bspa
_cAR-LpoUNG
_eaacr
041 _aspa
044 _aag
082 0 _aA861 872pai
100 1 _aPou, Franco R.
245 1 3 _aEl paĆ­s de tu cuerpo
250 _a1ra. ed.
260 _aSan Miguel :
_bTinta libre,
_c2019.
300 _a72 p.
650 4 _aARGENTINA
650 4 _aLITERATURA
650 4 _aPOESIA
653 _aAUTORES LOCALES
653 _aLITERATURA ARGENTINA
905 _a55630
942 _cLIB
_2ddc
999 _c63921
_d63921